000 00890nam0a22002411 4500
001 rc\692461
005 20250621213400.0
035 _a(NLR Aleph) 005929009
090 _a6558055
_c6558055
100 _a20031121d1985 |||y0rusy50 ca
101 0 _arus
102 _aRU
105 _aa |||||||||
200 1 _aДружба народов - залог Победы
_e[Очерки о Героях Сов. Союза, погибших на Курзем. земле
_fSastădtjusi L. Krasta]
_gСалдус. ист. и худож. музей
210 _aСалдус
_cБ. и.
_d1985
215 _a18 с.
_cпортр.
_d21
700 1 _aКраста
_bЛ.
712 0 2 _aСалдусский исторический и художественный музей
_cЛатв. ССР
801 0 _aRU
_bNLR
_gpsbo
801 1 _aRU
_bELAR
_2rusmarc
852 _aNLR
_j87-6/527
942 _cBOOK
980 _aNB